[Event "Dortmund Sparkassen op-A 45th"]
[Site "Dortmund"]
[Date "2017.07.21"]
[Round "7"]
[White "Borchert, Louis"]
[Black "Biermann, Lenhard"]
[Result "1/2-1/2"]
[WhiteElo "1996"]
[BlackElo "1902"]
[PlyCount "84"]
[EventDate "2017.07.15"]
[EventType "swiss"]
[EventRounds "9"]
[EventCountry "GER"]
[SourceTitle "CBM 179 Extra"]
[Source "ChessBase"]
[SourceDate "2017.08.23"]
[SourceVersion "1"]
[SourceVersionDate "2017.08.23"]
[SourceQuality "1"]

1. e4 e6 2. Nf3 d5 3. Nc3 Nf6 4. e5 Nfd7 5. d4 c5 6. dxc5 Nc6 7. Bf4 Nxc5 8. Be2 Be7 9. 0-0 a6 10. Re1 b5 11. Bf1 Bb7 12. Ne2 Ne4 13. Ng3 Nxg3 14. hxg3 Rc8 15. a3 Qb6 16. c3 0-0 17. Bd3 Rfd8 18. Ng5 Bxg5 19. Bxg5 h6 20. Bxd8 Rxd8 21. Bc2 d4 22. Qd3 dxc3 23. Qxc3 b4 24. Qe3 Nd4 25. Be4 b3 26. Bxb7 Qxb7 27. Red1 Qb6 28. Rac1 f6 29. exf6 gxf6 30. Qd3 Kg7 31. Qc4 Rd7 32. Kh2 e5 33. Qc5 Qxc5 34. Rxc5 Nf3+ 35. gxf3 Rxd1 36. Rc3 Rd2 37. Rxb3 Rxf2+ 38. Kh3 Kg6 39. g4 a5 40. Kg3 Rd2 41. Rb8 a4 42. Rb4 Re2 1/2-1/2

[Event "GER-ch U25-A"]
[Site "Willingen"]
[Date "2016.05.19"]
[Round "7"]
[White "Borchert, Louis"]
[Black "Syrov, Arkadi"]
[Result "0-1"]
[WhiteElo "1774"]
[BlackElo "2114"]
[PlyCount "90"]
[EventDate "2016.05.15"]
[EventType "swiss"]
[EventRounds "9"]
[EventCountry "GER"]
[SourceTitle "CBM 172 Extra"]
[Source "ChessBase"]
[SourceDate "2016.06.21"]
[SourceVersion "1"]
[SourceVersionDate "2016.06.21"]
[SourceQuality "1"]

1. e4 e5 2. Nf3 Nc6 3. Bc4 Bc5 4. c3 Nf6 5. d3 a6 6. Bb3 Ba7 7. 0-0 h6 8. Nbd2 0-0 9. Re1 Re8 10. Nf1 d6 11. Ng3 Be6 12. Bc2 d5 13. Qe2 b5 14. Be3 d4 15. Bd2 Qd7 16. Nh4 Bg4 17. Qf1 Nh7 18. h3 Be6 19. Qe2 Bc5 20. Nhf5 Kh8 21. Qf3 Bf8 22. Rf1 Ne7 23. Nxe7 Bxe7 24. Nf5 Bf8 25. g4 Bxf5 26. exf5 dxc3 27. bxc3 e4 28. Qg3 exd3 29. Bb3 c5 30. c4 Nf6 31. Rad1 b4 32. Bf4 Rad8 33. Bc7 Bd6 34. Bxd6 Qxd6 35. Qxd6 Rxd6 36. f3 Nd7 37. Rd2 Nb6 38. Rfd1 Red8 39. Re1 Rd4 40. Re3 a5 41. Re7 a4 42. Bd1 Nxc4 43. Rf2 d2 44. Rxf7 Ne3 45. Bxa4 Ra8 0-1

[Event "Dortmund Sparkassen op-B"]
[Site "Dortmund"]
[Date "2015.07.02"]
[Round "6"]
[White "Koellner, Christoph"]
[Black "Borchert, Louis"]
[Result "1/2-1/2"]
[WhiteElo "1960"]
[BlackElo "1885"]
[PlyCount "52"]
[EventDate "2015.06.27"]
[EventType "swiss"]
[EventRounds "9"]
[EventCountry "GER"]
[SourceTitle "CBM 167 Extra"]
[Source "ChessBase"]
[SourceDate "2015.09.14"]
[SourceVersion "1"]
[SourceVersionDate "2015.09.14"]
[SourceQuality "1"]

1. d4 d5 2. Nf3 Nf6 3. e3 Bf5 4. c4 e6 5. Nc3 Bd6 6. Qb3 b6 7. cxd5 exd5 8. Bd2 c6 9. Qa4 0-0 10. Be2 Bc7 11. b4 b5 12. Qb3 Nbd7 13. a4 a6 14. 0-0 Nb6 15. axb5 axb5 16. Rxa8 Qxa8 17. Qb2 Qb7 18. Ra1 Ra8 19. Be1 Nc4 20. Rxa8+ Qxa8 21. Qa2 Qxa2 22. Nxa2 Bd6 23. Nc1 Na3 24. Bd3 Bxd3 25. Nxd3 Nd7 26. Kf1 Kf8 1/2-1/2

[Event "Magdeburg op-A"]
[Site "Magdeburg"]
[Date "2014.06.08"]
[Round "1"]
[White "Dathe, Frederick"]
[Black "Borchert, Louis"]
[Result "1-0"]
[WhiteElo "1617"]
[BlackElo "1869"]
[PlyCount "135"]
[EventDate "2014.06.08"]
[EventType "swiss"]
[EventRounds "9"]
[EventCountry "GER"]
[SourceTitle "CBM 160 Extra"]
[Source "ChessBase"]
[SourceDate "2014.07.01"]
[SourceVersion "1"]
[SourceVersionDate "2014.07.01"]
[SourceQuality "1"]

1. d4 d5 2. c4 Bf5 3. Nc3 e6 4. Nf3 Nc6 5. a3 Nf6 6. Bg5 Be7 7. e3 0-0 8. Bd3 Bxd3 9. Qxd3 a5 10. 0-0 dxc4 11. Qxc4 Nd7 12. Bxe7 Qxe7 13. Na4 Ra6 14. Rac1 Nb6 15. Nxb6 Rxb6 16. Qc3 Rd8 17. Nd2 a4 18. h3 h6 19. Ne4 e5 20. dxe5 Qxe5 21. Qxe5 Nxe5 22. Rxc7 Rxb2 23. Rfc1 Rd3 24. Nc3 Rdd2 25. Ne4 Re2 26. Rf1 b5 27. Nc3 Rec2 28. Nxb5 Rxc7 29. Nxc7 Ra2 30. Nb5 Nc4 31. Rc1 Nxa3 32. Nc3 Rd2 33. Nxa4 Kh7 34. Nc5 Nb5 35. Ne4 Rb2 36. Rc6 Na3 37. Rc7 Rb4 38. Nd6 Kg6 39. Nxf7 Nc4 40. Rxc4 Rb1+ 41. Kh2 Kxf7 42. Rc6 Rb4 43. g4 Rb1 44. h4 Re1 45. g5 h5 46. g6+ Ke7 47. Kg2 Rb1 48. Rc5 Kf6 49. Rg5 Rc1 50. e4 Rc6 51. e5+ Ke7 52. Rxh5 Rxg6+ 53. Rg5 Rh6 54. Kg3 Kf7 55. f4 Ra6 56. Kg4 Ra4 57. Kf5 Ra6 58. h5 Rh6 59. Kg4 Ra6 60. Kh4 Ra1 61. Rg6 Rh1+ 62. Kg5 Rh2 63. e6+ Kf8 64. h6 gxh6+ 65. Rxh6 Rf2 66. f5 Rg2+ 67. Kf6 Rg8 68. Rh7 1-0